000 00340nam a2200133Ia 4500
008 230917s9999||||xx |||||||||||||| ||und||
040 _e96570
_aMAIN
041 _aEnglish
082 _a380 H225C
100 _aHarjit Singh
245 0 _aConsumer behaviour towards soft drinks: A case study of Rohtak city
300 _a98 p.
942 _cTH
999 _c88383
_d88383